Usa President Quiz - Statistics

General Stats
  • This quiz has been taken 28 times
  • The average score is 29 of 47
Answer Stats
Picture Hint Answer % Correct
2009 - 2017 Barack Obama
100%
2017 - 2021 Donald Trump
100%
2025 - Now Donald Trump
100%
1789 - 1797 George Washington
100%
1861 - 1865 Abraham Lincoln
95%
2021 - 2025 Joe Biden
95%
1961 - 1963 John F. Kennedy
95%
1933 - 1945 Franklin D. Roosevelt
90%
1989 - 1993 George H. W. Bush
90%
2001 - 2009 George W. Bush
90%
1901 - 1909 Theodore Roosevelt
90%
1981 - 1989 Ronald Reagan
80%
1801 - 1809 Thomas Jefferson
80%
1993 - 2001 Bill Clinton
75%
1797 - 1801 John Adams
70%
1825 - 1829 John Quincy Adams
70%
1969 - 1974 Richard Nixon
70%
1977 - 1981 Jimmy Carter
65%
1963 - 1969 Lyndon B. Johnson
65%
1869 - 1877 Ulysses S. Grant
65%
1829 - 1837 Andrew Jackson
60%
1865 - 1869 Andrew Johnson
60%
1953 - 1961 Dwight D. Eisenhower
60%
1974 - 1977 Gerald Ford
55%
1945 - 1953 Harry S. Truman
55%
1929 - 1933 Herbert Hoover
55%
1909 - 1913 William Howard Taft
55%
1809 - 1817 James Madison
50%
1817 - 1825 James Monroe
50%
1837 - 1841 Martin Van Buren
50%
1889 - 1893 Benjamin Harrison
45%
1923 - 1929 Calvin Coolidge
45%
1845 - 1849 James K. Polk
45%
1841 - 1841 William Henry Harrison
45%
1913 - 1921 Woodrow Wilson
45%
1853 - 1857 Franklin Pierce
40%
1885 - 1889 Grover Cleveland
40%
1893 - 1897 Grover Cleveland
40%
1881 - 1881 James Garfield
40%
1841 - 1845 John Tyler
40%
1850 - 1853 Millard Fillmore
40%
1877 - 1881 Rutherford B. Hayes
40%
1921 - 1923 Warren G. Harding
40%
1897 - 1901 William McKinley
40%
1849 - 1850 Zachary Taylor
40%
1881 - 1885 Chester A. Arthur
35%
1857 - 1861 James Buchanan
35%
No matching quizzes found
Score Distribution
Percent of People with Each Score
Percentile by Number Answered
Your Score History
You have not taken this quiz